00620nam a2200193Ia 4500008004100000020001800041082001200059100002100071245001400092250000900106260007000115300002300185500001900208600002000227650002000247942000700267952013500274999001700409240925s9999 xx 000 0 und d a9780070700710 a330 CHA aChaudhuri, Sudip 0aEconomics a19th aNew Delhi:bMcGraw Hill Education (India) Private Limitedc,2010. a634p.b0fOriginal aIncludes Index aSocial Sciences aSocial Sciences cBK 001040708SSaUITUbUITUd2018-12-29eBook World Internationalg1268.80l0o330 CHApQ13041r2024-09-25 07:16:43w2024-09-25yBK c15540d15540